| 000 | 00769nam a2200205 ar4500 | ||
|---|---|---|---|
| 001 | 3434 | ||
| 005 | 20221127090740.0 | ||
| 008 | 130721s su a 00010|ara d | ||
| 020 |
_a9786030048045 : _cرس90.00 |
||
| 082 | 0 | 4 |
_a658.403 _bم534 |
| 100 | 1 | _aالمسند، طارق صالح. | |
| 245 | 1 | 0 |
_aادارة المعرفة : _bماهيتها - عملياتها - متطلباتها - معوقاتها / _cتاليف طارق المسند. |
| 250 | _aط. 2. | ||
| 260 |
_aالرياض : _bدار الراية الشرقية، _c2011. |
||
| 300 |
_a202 ص. : _bايض. ؛ _c24 سم. |
||
| 504 | _aيتضمن ببليوجرافيا. | ||
| 650 | 4 | _aالقيادة الادارية. | |
| 650 | 4 | _aادارة المعلومات. | |
| 650 | 4 | _aادارة الاعمال. | |
| 999 |
_c3432 _d3432 |
||